Statistics for 12 Days of Christmas Lyrics

Click here to take the quiz!

General Stats

  • This quiz has been taken 267 times
  • The average score is 7 of 12

Answer Stats

HintAnswer% Correct
Day 1One Partridge in a Pear Tree
96%
Day 5Five Golden Rings
93%
Day 2Two Turtle Doves
93%
Day 3Three French Hens
90%
Day 4Four Calling Birds
77%
Day 6Six Geese a Laying
72%
Day 8Eight Maids a Milking
68%
Day 7Seven Swans a Swimming
67%
Day 9Nine Ladies Dancing
16%
Day 11Eleven Pipers Piping
12%
Day 10Ten Lords a Leaping
12%
Day 12Twelve Drummers Drumming
11%

Score Distribution

Percentile by Number Answered

Percent of People with Each Score

Your Score History

You have not taken this quiz